Textbook study guide of cardiology (Record no. 34971)

MARC details
000 -LEADER
fixed length control field 00284nam a2200121Ia 4500
082 ## - DEWEY DECIMAL CLASSIFICATION NUMBER
Item number GRE
100 ## - MAIN ENTRY--AUTHOR NAME
Personal name Grenzer, Louis E
245 #0 - TITLE STATEMENT
Title Textbook study guide of cardiology
250 ## - EDITION STATEMENT
Edition statement 2
260 ## - PUBLICATION, DISTRIBUTION, ETC. (IMPRINT)
Place of publication Tokyo
Name of publisher Igaku
Year of publication 1979
942 ## - ADDED ENTRY ELEMENTS (KOHA)
Koha item type Books
Holdings
Withdrawn status Lost status Damaged status Not for loan Home library Current library Date acquired Full call number Accession Number Koha item type
      Write off RRII Library RRII Library 16/12/2021 GRE 15398 Books